Catálogo

TEORIA PURA DEL DERECHO : (Registro nro. 14591)

Detalles MARC
000 -LEADER
fixed length control field 00507nam a2200193 a 4500
001 - CONTROL NUMBER
control field 14591
005 - DATE AND TIME OF LATEST TRANSACTION
control field 20180713203109.0
008 - FIXED-LENGTH DATA ELEMENTS--GENERAL INFORMATION
fixed length control field 140415s1982 000 0 spa d
020 ## - INTERNATIONAL STANDARD BOOK NUMBER
International Standard Book Number 9502300173
041 ## - LANGUAGE CODE
Language code of text/sound track or separate title spa
082 ## - DEWEY DECIMAL CLASSIFICATION NUMBER
Classification number 340
Item number KEL
100 1# - MAIN ENTRY--PERSONAL NAME
Personal name KELSON, HANS
245 10 - TITLE STATEMENT
Title TEORIA PURA DEL DERECHO :
Remainder of title INTRODUCCION A LA CIENCIA DEL DERECHO
260 ## - PUBLICATION, DISTRIBUTION, ETC.
Place of publication, distribution, etc. [s.l.] :
Name of publisher, distributor, etc. EUDEBA,
Date of publication, distribution, etc. 1982
300 ## - PHYSICAL DESCRIPTION
Extent 248
490 ## - SERIES STATEMENT
Series statement TEMAS/DERECHO
650 14 - SUBJECT ADDED ENTRY--TOPICAL TERM
Topical term or geographic name entry element DERECHO
700 1# - ADDED ENTRY--PERSONAL NAME
Personal name NILVE, MOISES
Relator term tr.
Existencias
Withdrawn status Lost status Source of classification or shelving scheme Damaged status Not for loan Collection code Home library Current library Shelving location Date acquired Source of acquisition Inventory number Total Checkouts Full call number Barcode Date last seen Price effective from Koha item type
    Dewey Decimal Classification     General Biblioteca Karol Wojtyla Biblioteca Karol Wojtyla Sala general 03/12/2013 Compra 151000000000000000050895   340 KEL 31868 05/01/2026 03/12/2013 Libro